00552nam a2200205 a 4500001001300000003000900013005001700022008004100039020000800080082001600088100002400104245003300128260004100161300000900202500003500211505003300246650001600279650002700295700002400322nice12345678IN_TiNIC20260116011348.0050524s1964 dela grp 000 0 urd  ac300a891.41bMUN aMunnawwar, Lucknawi aGit Govind Or Sarmadi Naghme aDelhibKohinoor Printing Pressc1964 a188p aincludes index and biblioraphy2 abound volumes of periodicals aUrdu-Poetry aReligious Poetry-Hindu1 aMunnawwar, Lucknawi